00237 a2200109 4500001000700000020000600007040001100013100002300024240003800047245003300085362000900118170721 a  cMagnum aParramon, Josep M.10aMi primera visita al acuariolESP10aMi primera visita al acuario0 a1899